Ako reštartovať podnikanie
Pokles hospodárskych výsledkov núti firmy prehodnocovať podnikanie. Aj prírodná pohroma niekedy môže naštartovať zásadné zmeny. Príklad Přerovského pivovaru. Zmeny v správaní. Čo bráni podnikateľovi reštartovať podnikanie. Kritické myslenie. Vždy je cesta von. Päť tipov na vytvorenie slobody možnost...
Gespeichert in:
| 1. Verfasser: | |
|---|---|
| Format: | Buchkapitel |
| Sprache: | Slowakisch |
| Schlagworte: | |
| Tags: |
Keine Tags, Fügen Sie das erste Tag hinzu!
|
MARC
| LEADER | 00000naa a2200000 4500 | ||
|---|---|---|---|
| 001 | 0205517 | ||
| 005 | 20231113103245.5 | ||
| 041 | 0 | |a slo | |
| 044 | |a SK | ||
| 245 | 1 | 0 | |a Ako reštartovať podnikanie |c Alexander Birčák |
| 520 | |a Pokles hospodárskych výsledkov núti firmy prehodnocovať podnikanie. Aj prírodná pohroma niekedy môže naštartovať zásadné zmeny. Príklad Přerovského pivovaru. Zmeny v správaní. Čo bráni podnikateľovi reštartovať podnikanie. Kritické myslenie. Vždy je cesta von. Päť tipov na vytvorenie slobody možností. | ||
| 610 | 2 | 0 | |a podnikanie |
| 610 | 2 | 0 | |a podnikatelia |
| 610 | 2 | 0 | |a riadenie |
| 610 | 2 | 0 | |a motivácia |
| 610 | 2 | 0 | |a vedenie podniku |
| 100 | 1 | |a Birčák, Alexander | |